| 000 | 00538nam a2200169Ia 4500 | ||
|---|---|---|---|
| 999 |
_c25850 _d25850 |
||
| 003 | OSt | ||
| 005 | 20201221153732.0 | ||
| 008 | 190216s9999||||xx |||||||||||||| ||und|| | ||
| 040 | _coclc | ||
| 082 |
_a894.812 _bSMA/A |
||
| 100 |
_aSmaranika Samidi, Shashti Poorthi _97453 |
||
| 245 | 0 |
_aAzheekodinte Kalakattam / _cShashti Poorthi Smaranika Samidi |
|
| 260 |
_bShashti poorthi agosha committe , _akozhikode: _c1986. |
||
| 300 | _a140p | ||
| 650 | _aNiroopanam | ||
| 942 |
_cBK _2ddc _h894.812 _iSMA/A _k894.812 _mSMA/A |
||